Teaching and learning of physics in cultural contexts : proceedings of the International Conference on Physics Education in Cultural Contexts : Cheongwon, South Korea, 13-17 August 2001

The aims of the International Conference on Physics Education in Cultural Contexts were to explore ways towards convergent and divergent physics learning beyond school boundaries, improve physics education through the use of traditional and modern cultural contexts, and exchange research and experie...

Full beskrivning

Sparad:
Bibliografiska uppgifter
Materialtyp: Bok
Språk:Undetermined
Publicerad: New Jersey World Scientific 2004
Ämnen:
Taggar: Lägg till en tagg
Inga taggar, Lägg till första taggen!
Thư viện lưu trữ: Trung tâm Học liệu Trường Đại học Cần Thơ
LEADER 01130nam a2200217Ia 4500
001 CTU_156871
008 210402s9999 xx 000 0 und d
020 |c 161 
082 |a 530.071 
082 |b I.61 
245 0 |a Teaching and learning of physics in cultural contexts : 
245 0 |b proceedings of the International Conference on Physics Education in Cultural Contexts : Cheongwon, South Korea, 13-17 August 2001 
245 0 |c edited by Yunebae Park 
260 |a New Jersey 
260 |b World Scientific 
260 |c 2004 
520 |a The aims of the International Conference on Physics Education in Cultural Contexts were to explore ways towards convergent and divergent physics learning beyond school boundaries, improve physics education through the use of traditional and modern cultural contexts, and exchange research and experience in physics education between different cultures. 
650 |a Physics,Cross-cultural studies,Vật lý,Nghiên cứu giao thoa văn hóa 
650 |x Study and teaching,Dạy và học 
904 |i Năm 
980 |a Trung tâm Học liệu Trường Đại học Cần Thơ